01294 2200205 4500245007500000020002200075250001100097100001900108700000800127700001800135650001700153650001300170005001900183260002600202041001400228084001000242300002600252500080100278336000901079 aPasti Bisa Lolos Simak UI b : Sarjana & VokasicThe King EdukahText a978-623-8199-31-0 aCet. 1 aThe King Eduka aEka aTim Desain KP aLatihan Soal aSimak UI a20250310105352 aJakartabCmediac2024 aIndonesia a371.3 avi, 362 hlm. :cilus. aPasti Bisa Lolos SIMAK UI Sarjana dan Vokasi memiliki poin-poin penting sebagai nilai lebih dibandingkan dengan buku-buku sejenis yang ada di pasaran sebagai berikut.1. Buku ini disusun berdasarkan soal asli terkini dan terupdate SIMAK UI, bukan informasi bohong dari jejaring sosial.2. Masing-masing paket prediksi memuat subtes Kemampuan Dasar (Matematika Dasar, Bahasa Indonesia, Bahasa Inggris) dan Skolastik (Kemampuan Verbal, Kuantitatif, dan Logika)3. Paket prediksi jitu & pembahasan yang diberikan memiliki penekanan pada soal-soal Higher-Order Thinking Skills (HOTS), lengkap dengan tip & trik untuk menyelesaikannya.4. Semua soal di buku ini dibahas tuntas dengan solusi cerdas sehingga lebih menarik pembaca untuk belajar, tidak ada satu pun soal yang hanya ada kunci jawabannya saja. atext